Vista normal
Vista MARC
Entrada Topical Term
Número de registros utilizados en: 1
001 - CONTROL NUMBER
- control field: 44535
003 - CONTROL NUMBER IDENTIFIER
- control field: OSt
005 - DATE AND TIME OF LATEST TRANSACTION
- control field: 20260220134140.0
008 - FIXED-LENGTH DATA ELEMENTS
- fixed length control field: 260220|| aca||aabn | a|a d
040 ## - CATALOGING SOURCE
- Original cataloging agency: OSt
- Transcribing agency: OSt
150 ## - HEADING--TOPICAL TERM
- Topical term or geographic name entry element: Seguridad nacional
- General subdivision: Legislación
- Geographic subdivision: Colombia
670 ## - SOURCE DATA FOUND
- Source citation: Work cat.: (OSt)31151: Colombia. Presidencia de la República. Consejería Presidencial para la Defensa y la Seguridad Nacional. 44534, Una política de seguridad para la convivencia / , 1994.